| 000 | 00595nam a22002057a 4500 | ||
|---|---|---|---|
| 999 |
_c9101 _d9101 |
||
| 003 | AR-CdUCM | ||
| 008 | 190327b ||||| |||| 00| 0 spa d | ||
| 040 |
_aMUNICIPALIDAD PROVINCIAL DEL CUSCO _cBIBLIOTECA MUNICIPAL DEL CUSCO |
||
| 082 |
_a869.56 / _bB19 |
||
| 100 |
_aBaluarte, Amparo _925108 |
||
| 245 | _aPoemas / | ||
| 260 |
_aLima : _bGoicochea, _c1952. |
||
| 300 |
_a110 paginas ; _c17 cm. |
||
| 500 | _aDonacion de la familia Nieto Con dedicatoria a Luis Nieto | ||
| 650 |
_aPoesia _95517 |
||
| 650 |
_aLiteratura _983 |
||
| 650 |
_aPerĂº _935 |
||
| 942 |
_2ddc _cLIBROS |
||
| 945 | _apjha | ||